Films avec Michel Blanc - Statistiques

Statistiques générales
  • Ce quiz a été pris 27 fois
  • Le résultat moyen est 4 sur 16
Statistiques - réponses
Par images Réponse % Correct
Les bronzés font du ski
92%
Les bronzés 3
56%
Je vous trouve très beau
36%
Les Tuches 4
36%
Raid dingue
36%
Les petites victoires
28%
Marche à l'ombre
28%
Les nouvelles aventures d'Aladin
16%
Ma femme s'appelle reviens
16%
L'exercice de l'Etat
12%
Un petit boulot
8%
Chambre à part
4%
La fille du RER
4%
Le deuxième souffle
4%
Les Bronzés (1978)
4%
Les grands ducs
4%
Aucun quiz correspondant
Distribution des résultats
% des personnes avec chaque résultat
Percentile par nombre de réponses
Votre historique - résultats
Vous n’avez pas pris ce quiz